Nezkrotní. 2, Noční jezdec /

Hlavní autor: Brand, Max, 1892-1944
Další autoři: Waller, W. F., 1878-1956, Wowk, Jiří, 1899-1961
Jazyk: Čeština
Vydáno: Praha : Toužimský & Moravec, 2015
Témata:
Fyzický popis: 312 stran : ilustrace ; 18 cm
Knihy
Uloženo v:
LEADER 01544nam a2200433 i 4500
001 nkc20152727465
003 CZ PrNK
005 20151119131234.0
007 ta
008 150907s2015 xr a g 000 f cze
015 |a cnb002727465 
020 |a 978-80-7264-163-5  |q (brožováno) 
035 |a (OCoLC)923587258 
040 |a ABA001  |b cze  |e rda 
041 1 |a cze  |h eng 
072 7 |a 821.111(73)-3  |x Americká próza  |2 Konspekt  |9 25 
080 |a 821.111(73)-31  |2 MRF 
080 |a (0:82-311.3)  |2 MRF 
100 1 |a Brand, Max,  |d 1892-1944  |7 jn19981000325  |4 aut 
240 1 0 |a Night horseman.  |l Česky 
245 1 0 |a Nezkrotní.  |n 2,  |p Noční jezdec /  |c Max Brand ; z anglického originálu The night horseman přeložil W.F. Waller ; ilustroval Jiří Wowk 
246 3 0 |a Noční jezdec 
264 1 |a Praha :  |b Toužimský & Moravec,  |c 2015 
300 |a 312 stran :  |b ilustrace ;  |c 18 cm 
336 |a text  |b txt  |2 rdacontent 
337 |a bez média  |b n  |2 rdamedia 
338 |a svazek  |b nc  |2 rdacarrier 
655 7 |a americké romány  |7 fd131796  |2 czenas 
655 7 |a dobrodružné romány  |7 fd132061  |2 czenas 
655 9 |a American fiction  |2 eczenas 
655 9 |a adventure novels  |2 eczenas 
700 1 |a Waller, W. F.,  |d 1878-1956  |7 jk01151386  |4 trl 
700 1 |a Wowk, Jiří,  |d 1899-1961  |7 jk01151805  |4 ill 
910 2 |a BOA001  |b 1-1347.906,2 
928 9 |a Toužimský a Moravec 
990 |a BK 
995 |a 01 
991 |b 201511  |c NOV  |e b 
996 6 |b 2610647287  |c 1-1347.906,2  |l MZK  |r Sklad / do 1 hodiny  |n 0  |p p.v.  |w 001527058  |u 000010  |a 1  |e BOA001  |j MZK50  |s P